Religion and Aids in Africa (Record no. 32596)

MARC details
000 -LEADER
fixed length control field 00754nam a2200181 a 4500
008 - FIXED-LENGTH DATA ELEMENTS--GENERAL INFORMATION
fixed length control field 150226s2012 ||||||||||||||||| || u
020 ## - INTERNATIONAL STANDARD BOOK NUMBER
International Standard Book Number 9780195335941
050 ## - LIBRARY OF CONGRESS CALL NUMBER
Classification number RA 643.86.A25 Int
100 ## - MAIN ENTRY--PERSONAL NAME
Personal name Trinitapoli, Jenny
245 10 - TITLE STATEMENT
Title Religion and Aids in Africa
Statement of responsibility, etc. By Jenny Trinitapoli and Alexander Weinreb
260 ## - PUBLICATION, DISTRIBUTION, ETC.
Place of publication, distribution, etc. New York
Name of publisher, distributor, etc. Oxford University Press
Date of publication, distribution, etc. 2012
300 ## - PHYSICAL DESCRIPTION
Extent xii, 297p.:
350 ## -
-- 31.95
650 ## - SUBJECT ADDED ENTRY--TOPICAL TERM
Topical term or geographic name entry element AFRICA, SUB SAHARA--RELIGION--21ST CENTURY
650 ## - SUBJECT ADDED ENTRY--TOPICAL TERM
Topical term or geographic name entry element AIDS (DISEASE)--RELIGIOUS ASPECTS
650 ## - SUBJECT ADDED ENTRY--TOPICAL TERM
Topical term or geographic name entry element AIDS (DISEASE)--AFRICA SUB SAHARA
995 ## -
-- MEDICAL LIBRARY OPEN ACCESS
-- 902978
-- CBU-SCHOOL OF MEDICINE LIBRARY (Ndola)
-- 31.95
-- RA 643.86.A25 Int
-- 1
-- AVAILABLE
-- Mar 11, 2015
-- 902978
-- Medical Library Open Access Collection
999 ## -
-- 32596
-- 32596
Holdings
Withdrawn status Lost status Source of classification or shelving scheme Damaged status Not for loan Permanent Location Current Location Shelving location Date acquired Total Checkouts Full call number Barcode Date last seen Price effective from Koha item type
          CBU-SCHOOL OF MEDICINE LIBRARY, NDOLA. CBU-SCHOOL OF MEDICINE LIBRARY, NDOLA.   11/30/2022   RA 643.86.A25 Int 902978 11/30/2022 11/30/2022 MONOGRAPH